00789nam a22002057a 4500003000500000005001700005008004100022010001000063011001000073035001000083040000900093100003500102245019500137260004100332300002000373502011300393650002300506650002800529650002600557CHAP20220329134122.0971013s1976 r 00010 d a15677 a16649 a20731 cCHAP00aGuajardo Varela, José Mario. aEfecto de la distancia y época de siembra sobre el rendimiento, porcentaje de aceite y características agronómicas de girasol (Helianthus annuus L.) variedad Tecmon-1, en Apodaca, N.L. a(Monterrey, N.L.) :bEl autor,c1976 a65 hb; gráfs aTesis (Ing. Agrónomo en Producción Agropecuarias) -- ITESM. Div. de Ciencias Agropecuarias y Marítimas14aAceite de girasol.14aGirasolxEspaciamiento.14aGirasolxRendimiento.